Finančná podpora MSP v kontexte zlepšovania podnikateľského prostredia SR diplomová práca

Gespeichert in:
Bibliographische Detailangaben
1. Verfasser: Zachorecová, Kristína
Körperschaft: Národohospodárska fakulta EU. Katedra financií
Weitere Verfasser: Belanová, Katarína, 1978-
Format: Buch
Sprache:Slowakisch
Veröffentlicht: Bratislava 2023
Tags: Tag hinzufügen
Keine Tags, Fügen Sie das erste Tag hinzu!

MARC

LEADER 00000nbm a2200000 4500
001 0293064
005 20231128142537.0
041 0 |a slo 
044 |a SK 
245 1 0 |a Finančná podpora MSP v kontexte zlepšovania podnikateľského prostredia SR  |b diplomová práca  |c Kristína Zachorecová ; školiteľ: Katarína Belanová 
264 1 |a Bratislava  |c 2023 
300 |a 75 s. 
100 1 |a Zachorecová, Kristína 
700 1 |a Belanová, Katarína, 1978- 
710 2 |a Národohospodárska fakulta EU. Katedra financií